[Event "Moscow Open 2009 B"]
[Site "www.moscowchessopen.ru"]
[Date "2009.02.03"]
[Round "4.2"]
[White "Krivonos, Nikolay"]
[Black "Aghasaryan, Robert"]
[Result "0-1"]
[WhiteElo "2294"]
[BlackElo "2218"]
[Annotator ""]
[Source ""]
[Remark ""]

1.c4 e6 2.Nc3 d5 3.d4 c6 4.cxd5 exd5 5.Nf3 Bd6 6.Bg5 Ne7 7.e3
Bf5 8.Bh4 Nd7 9.Be2 O-O 10.O-O Bg6 11.Qd2 Qe8 12.Bg3 Nf5 13.Bxd6
Nxd6 14.Rfe1 Qe7 15.b3 Rfe8 16.Qb2 a5 17.Rac1 Ne4 18.Nxe4 Bxe4
19.Nd2 Bf5 20.a3 Qd6 21.Ra1 Rec8 22.b4 b5 23.Qc3 a4 24.Bf1 Nb6
25.Qc5 Qxc5 26.dxc5 Nd7 27.Nf3 Be4 28.Nd4 Ne5 29.Red1 Nc4 30.Bxc4
dxc4 31.Kf1 Bd3+ 32.Ke1 Ra7 33.Kd2 Kf8 34.Kc3 Re7 35.Rd2 Ke8
36.Rad1 Rd7 37.Nf3 f6 38.Ne1 Bf5 39.Rxd7 Bxd7 40.Rd6 Rd8 41.e4
Ke7 42.Nc2 Be6 43.Rxd8 Kxd8 44.Kd4 Ke7 45.Ne3 g6 46.f4 Kf7 47.g4
Ke7 48.f5 gxf5 49.gxf5 Bf7 50.Nd1 Bh5 51.Nc3 Bg4 52.Ke3 Bh3 53.Kf2
Kd7 54.Nd1 Bg4 55.Nc3 Bh3 56.Ne2 Bg4 57.Nd4 c3 58.Ke3 Bh3 59.Kd3
Bg2 60.Nc2 Ke7 61.Kd4 Bf3 62.Ne3 Kf7 63.Kxc3 Bxe4 64.Kd2 Ke7
65.Ke2 h5 66.Kf2 h4 67.Ke2 Kf7 68.Kf2 Kg7 69.Ng4 Bxf5 70.Kf3
Kf7 71.Kf4 Ke6 72.Ne3 Bd3 73.Ng2 h3 74.Ne3 f5 75.Kg3 Ke5 76.Kxh3
Ke4 77.Nd1 Kf3 78.Kh4 f4 79.Kg5 Ke2 80.Kxf4 Kxd1 81.h4 Kc2 82.Ke5
Kb3 83.Kd6 Kxa3 84.Kxc6 Kxb4 85.Kd6 a3 86.c6 a2 87.c7 Bf5 88.Ke5
Bh3 0-1

[Event "Moscow Open 2009 B"]
[Site "www.moscowchessopen.ru"]
[Date "2009.02.03"]
[Round "4.3"]
[White "Yuferev, Oleg"]
[Black "Nozdrachev, Leonid"]
[Result "1-0"]
[WhiteElo "2293"]
[BlackElo "2215"]
[Annotator ""]
[Source ""]
[Remark ""]

1.Nf3 Nf6 2.c4 g6 3.Nc3 Bg7 4.e4 O-O 5.d4 d6 6.Be2 e5 7.O-O exd4
8.Nxd4 Re8 9.f3 Nc6 10.Be3 Nh5 11.Qd2 Nxd4 12.Bxd4 Nf4 13.Rfd1
Qg5 14.Bf1 Bxd4+ 15.Qxd4 c6 16.g3 Ne6 17.Qf2 Qh5 18.f4 Qc5 19.Rd2
a5 20.Rad1 a4 21.Rxd6 a3 22.b3 Qa5 23.Na4 Rb8 24.c5 Nc7 25.Qd2
Qxd2 26.R1xd2 Kg7 27.Nb6 Bg4 28.e5 Bf5 29.Bc4 Re7 30.Kf2 h5 31.Nd7
Rh8 32.Nf6 Ra8 33.Rd8 Rxd8 34.Rxd8 Bb1 35.b4 Bf5 36.Rg8+ Kh6
37.Rb8 Nd5 38.Bxd5 cxd5 39.Ng8+ 1-0

[Event "Moscow Open 2009 B"]
[Site "www.moscowchessopen.ru"]
[Date "2009.02.03"]
[Round "4.4"]
[White "Artamonov, Valery"]
[Black "Erofeev, Alexey"]
[Result "1-0"]
[WhiteElo "2289"]
[BlackElo "2195"]
[Annotator ""]
[Source ""]
[Remark ""]

1.c4 Nf6 2.Nc3 g6 3.g3 Bg7 4.Bg2 O-O 5.d3 d6 6.Bg5 h6 7.Bd2 e5
8.Qc1 Kh7 9.h4 h5 10.Nf3 c6 11.c5 Re8 12.cxd6 Qxd6 13.O-O Bf5
14.Qc2 Na6 15.Rad1 Kg8 16.Qc1 Nc7 17.d4 e4 18.Ne5 Ncd5 19.a3
e3 20.Nxd5 exf2+ 21.Rxf2 cxd5 22.Bf4 Rac8 23.Qe3 Qb6 24.Bf3 Qxb2
25.Bh6 Bxh6 26.Qxh6 Qxa3 27.Qg5 Nh7 28.Qf4 Be6 29.e4 Qa5 30.g4
hxg4 31.Bxg4 Qc7 32.Bxe6 Rxe6 33.exd5 Rf6 34.Qe3 Rxf2 35.Qxf2
Rf8 36.Rf1 Qd6 37.Qc2 Kg7 38.h5 g5 39.Qe4 Qh6 40.Nd7 Rc8 41.Qf3
f6 42.d6 Rc6 43.Ne5 1-0

[Event "Moscow Open 2009 B"]
[Site "www.moscowchessopen.ru"]
[Date "2009.02.03"]
[Round "4.5"]
[White "Poghosyan, Suren"]
[Black "Timofeev, Vladimir F"]
[Result "1-0"]
[WhiteElo "2218"]
[BlackElo "2288"]
[Annotator ""]
[Source ""]
[Remark ""]

1.d4 Nf6 2.Nf3 e6 3.Bg5 Be7 4.e3 c5 5.Nbd2 b6 6.Bd3 cxd4 7.exd4
Bb7 8.O-O O-O 9.Re1 Nc6 10.c3 h6 11.Bh4 Nd5 12.Bg3 d6 13.Rc1
Qd7 14.Bb1 f5 15.c4 Nc7 16.Nf1 Rf7 17.h3 Rd8 18.a3 Bf6 19.b4
g5 20.Qd3 Ne7 21.N1d2 Rg7 22.Ba2 Kh8 23.Qc2 Ng6 24.c5 dxc5 25.Bxc7
Qxc7 26.Rxe6 Bxd4 27.Nxd4 Rxd4 28.bxc5 bxc5 29.Nb3 Re4 30.Nxc5
Rxe6 31.Bxe6 Nf4 32.Qxf5 Ne2+ 33.Kf1 Nxc1 34.Qf8+ Kh7 35.Bf5+
Rg6 36.Qf6 Qg7 37.Bxg6+ Qxg6 38.Qe7+ Kh8 39.Qd8+ Qg8 40.Qxg8+
Kxg8 41.Nxb7 Kf7 42.Nc5 Ke7 43.Ke1 Kd6 44.Kd2 Kxc5 45.Kxc1 h5
46.Kd2 Kd4 47.Ke2 a5 48.a4 Kc4 49.g3 g4 50.hxg4 hxg4 51.f3 1-0

[Event "Moscow Open 2009 B"]
[Site "www.moscowchessopen.ru"]
[Date "2009.02.03"]
[Round "4.6"]
[White "Simonian, Tigran"]
[Black "Babikov, Ivan"]
[Result "1/2-1/2"]
[WhiteElo "2207"]
[BlackElo "2284"]
[Annotator ""]
[Source ""]
[Remark ""]

1.d4 d5 2.Nf3 Nf6 3.c4 e6 4.Nc3 Nbd7 5.e3 c6 6.Qc2 Bd6 7.b3 O-O
8.Bb2 Re8 9.Bd3 e5 10.cxd5 cxd5 11.dxe5 Nxe5 12.Nxe5 Bxe5 13.Ne2
d4 1/2-1/2

[Event "Moscow Open 2009 B"]
[Site "www.moscowchessopen.ru"]
[Date "2009.02.03"]
[Round "4.7"]
[White "Khachatryan, Vahagn"]
[Black "Dzhangobegov, Vladimir"]
[Result "1/2-1/2"]
[WhiteElo "2283"]
[BlackElo "2180"]
[Annotator ""]
[Source ""]
[Remark ""]

1.e4 c5 2.c3 d6 3.d4 Nf6 4.Bd3 Nc6 5.Nf3 g6 6.O-O Bg7 7.dxc5
dxc5 8.Be3 Nd7 9.Bb5 Qc7 10.Qa4 Ncb8 11.e5 e6 12.Nbd2 O-O 13.Qh4
Nxe5 14.Ng5 h6 15.Nge4 f5 16.Bxc5 g5 17.Qh5 Rd8 18.Rad1 a6 19.Nc4
Rxd1 20.Qe8+ Kh7 21.Rxd1 axb5 22.Nxe5 Qxe5 23.Rd8 Qxe4 24.Qg8+
Kg6 25.Qe8+ Kh7 26.Qg8+ Kg6 27.Qe8+ Kh7 1/2-1/2

[Event "Moscow Open 2009 B"]
[Site "www.moscowchessopen.ru"]
[Date "2009.02.03"]
[Round "4.8"]
[White "Okun, Leonid"]
[Black "Kapov, Albert"]
[Result "1-0"]
[WhiteElo "2277"]
[BlackElo "2176"]
[Annotator ""]
[Source ""]
[Remark ""]

1.c4 Nf6 2.Nf3 c6 3.b3 g6 4.Bb2 Bg7 5.e3 O-O 6.Be2 d5 7.O-O Nbd7
8.Qc2 Re8 9.d4 Ne4 10.Bd3 f5 11.Nc3 e6 12.Rad1 b6 13.Ne2 Bb7
14.Nf4 Rc8 15.Be2 Qe7 16.Rc1 Red8 17.Rfd1 g5 18.Nh5 Bh8 19.Ne5
Ndf6 20.f3 Nd6 21.Nxf6+ Bxf6 22.c5 Nf7 23.f4 g4 24.a4 Qc7 25.Ba3
Be7 26.Qc3 Kf8 27.Bb4 Re8 28.Qc2 Nh6 29.Rf1 Kg7 30.Kh1 Bf6 31.Qd2
Ng8 32.cxb6 axb6 33.a5 Be7 34.axb6 Qxb6 35.Ba5 Qa7 36.Ra1 Qb8
37.Bb6 Bd8 38.Bc5 Nf6 39.Bd3 Be7 40.Qb4 Bxc5 41.Qxc5 Rc7 42.Ra7
Ree7 43.Rfa1 Qc8 44.Kg1 Ne8 45.Qa5 Nd6 46.Qe1 h6 47.Qh4 Qe8 48.h3
gxh3 49.Qxh3 c5 50.g4 c4 51.bxc4 dxc4 52.Bc2 Be4 53.Rxc7 Rxc7
54.Bxe4 fxe4 55.g5 hxg5 56.fxg5 Nf5 57.d5 Qh8 58.Qg4 Qh4 59.Qxh4
Nxh4 60.d6 Rc8 61.Ra7+ Kf8 62.Nd7+ Kg8 63.Nf6+ Kf8 64.Rh7 Ng6
65.Nxe4 Rd8 66.Kf1 Kg8 67.Rc7 Ne5 68.Ke2 Nf7 69.g6 1-0

[Event "Moscow Open 2009 B"]
[Site "www.moscowchessopen.ru"]
[Date "2009.02.03"]
[Round "4.9"]
[White "Manukyan, Sargis V"]
[Black "Kozlov, Vladimir N"]
[Result "1-0"]
[WhiteElo "2198"]
[BlackElo "2269"]
[Annotator ""]
[Source ""]
[Remark ""]

1.d4 Nf6 2.Nf3 c5 3.d5 e6 4.c4 b5 5.dxe6 fxe6 6.cxb5 d5 7.Nc3
Bd6 8.Bg5 Bb7 9.Qb3 Nbd7 10.e4 Qe7 11.Bxf6 gxf6 12.exd5 exd5+
13.Be2 d4 14.Na4 O-O-O 15.Kf1 Rhg8 16.Rg1 Rg4 17.Ne1 Rh4 18.Nf3
Re8 19.Bd3 Rf4 20.Re1 Be4 21.Rxe4 Rxe4 22.g3 f5 23.b6 Ne5 24.Ba6+
Kd8 25.Nd2 Re1+ 26.Kg2 Rxg1+ 27.Kxg1 Ng4 28.Nf3 axb6 29.Nxb6
Qe4 30.Nd5 Re6 31.Qb7 Qb1+ 32.Kg2 Ne3+ 33.fxe3 Qc2+ 34.Kg1 Qd1+
35.Kg2 Qc2+ 36.Kf1 Qc1+ 37.Ne1 Ke8 38.Bb5+ Kf8 39.Qc8+ Kf7 40.Qd7+
Be7 41.Qe8+ Kg7 42.Nxe7 Rf6 43.Nd5 Rg6 44.Qe7+ Kh6 45.Nf4 Qxb2
46.Qf8+ Rg7 47.Be2 Qb7 48.Nf3 d3 49.Nxd3 Qf7 50.Qxf7 Rxf7 51.Nxc5
Ra7 52.a4 Kg6 53.Nd4 Kf6 54.Kf2 Kf7 55.Nxf5 1-0

[Event "Moscow Open 2009 B"]
[Site "www.moscowchessopen.ru"]
[Date "2009.02.03"]
[Round "4.10"]
[White "Kursova, Maria"]
[Black "Minasyan, Arnold"]
[Result "1/2-1/2"]
[WhiteElo "2268"]
[BlackElo "2171"]
[Annotator ""]
[Source ""]
[Remark ""]

1.d4 d5 2.Nf3 c6 3.c4 Nf6 4.e3 Bg4 5.Nc3 e6 6.h3 Bxf3 7.Qxf3
Be7 8.Bd2 O-O 9.Bd3 Nbd7 10.cxd5 cxd5 11.O-O Nb6 12.b3 Rc8 13.Rfc1
Ba3 14.Rc2 Qe7 15.Qd1 a6 16.Rb1 Bb4 17.a4 Rc6 18.a5 Rfc8 19.Rbc1
Nbd7 20.Na4 Rxc2 21.Rxc2 Rxc2 22.Qxc2 Bxd2 23.Qxd2 g6 24.Qc3
Qd8 25.b4 Ne8 26.e4 dxe4 27.Bxe4 Nd6 28.Bf3 Nb5 29.Qc4 b6 30.Bc6
bxa5 31.bxa5 Nd6 32.Qxa6 Nb8 33.Qa8 Nxc6 34.Qxc6 Qxa5 1/2-1/2

[Event "Moscow Open 2009 B"]
[Site "www.moscowchessopen.ru"]
[Date "2009.02.03"]
[Round "4.11"]
[White "Vdovin, Sergei"]
[Black "Bikuzhin, Vaksim"]
[Result "1/2-1/2"]
[WhiteElo "2263"]
[BlackElo "2145"]
[Annotator ""]
[Source ""]
[Remark ""]

1.d4 d5 2.c4 e6 3.Nc3 Nf6 4.cxd5 Nxd5 5.e4 Nxc3 6.bxc3 c5 7.d5
exd5 8.exd5 Bd6 9.Bd3 O-O 10.h3 Re8+ 11.Kf1 Nd7 12.Nf3 Ne5 13.Nxe5
Bxe5 14.Qc2 g6 15.Be4 b6 16.h4 Qd6 17.Bg5 Ba6+ 18.Kg1 Bc4 19.Rd1
Bf4 20.Bf3 h6 21.Bxf4 Qxf4 22.Rh3 Rad8 23.Rg3 b5 24.Rg4 Qf6 25.Qd2
Kg7 26.h5 g5 27.Re4 Rxe4 28.Bxe4 Qe5 29.Re1 Qf4 30.Re3 Rd6 31.g3
Qg4 32.Bf3 Qd7 33.Re5 Qd8 34.Bg2 Ra6 35.Qe3 Rxa2 36.Qxc5 Qb6
37.Qxb6 axb6 38.Re7 Rd2 39.Rd7 Kf6 40.Rd6+ Kg7 41.Rxb6 Rd1+ 42.Kh2
Bxd5 43.Rxb5 Be6 44.Bf3 Rd3 1/2-1/2

[Event "Moscow Open 2009 B"]
[Site "www.moscowchessopen.ru"]
[Date "2009.02.03"]
[Round "4.12"]
[White "Klimovets, Kirill"]
[Black "Koshevoy, Sergey"]
[Result "1/2-1/2"]
[WhiteElo "2183"]
[BlackElo "2260"]
[Annotator ""]
[Source ""]
[Remark ""]

1.e4 c6 2.d4 d5 3.e5 Bf5 4.Nc3 Qb6 5.g4 Bd7 6.Bg2 e6 7.Nge2 c5
8.Be3 Nc6 9.O-O cxd4 10.Nxd4 Nxd4 11.Bxd4 Bc5 12.Ne2 Bb5 13.Bxc5
Qxc5 14.Re1 Bxe2 15.Qxe2 Ne7 16.c3 O-O 17.Rad1 a5 18.h4 Ng6 19.h5
Nf4 20.Qd2 g5 21.hxg6 fxg6 22.Qd4 Qe7 23.f3 Qg5 24.Qe3 h5 25.Rd4
Rf7 26.Qf2 Raf8 27.Qg3 Rf5 28.Bf1 Rxe5 29.Rxe5 Qxe5 30.Kf2 Qf6
31.gxh5 e5 32.Rd2 Nxh5 33.Qg4 Nf4 34.Ke1 Qb6 35.Kd1 Qe3 36.Kc2
Kg7 37.Rh2 Rf7 38.Qc8 Nh5 39.Qe6 Qf4 40.Rd2 Qxf3 41.Qxe5+ Qf6
42.Qxf6+ Rxf6 43.Bg2 Nf4 44.Bxd5 Nxd5 45.Rxd5 Rf5 46.Rxf5 gxf5
47.a4 Kf6 48.Kd3 Ke5 49.b4 b6 50.bxa5 bxa5 51.c4 Ke6 52.Ke3 Ke5
53.Kd3 Kd6 54.Kd4 Kc6 55.Ke5 Kc5 56.Kxf5 Kxc4 57.Ke4 Kb4 1/2-1/2

[Event "Moscow Open 2009 B"]
[Site "www.moscowchessopen.ru"]
[Date "2009.02.03"]
[Round "4.13"]
[White "Novikov, Valeri"]
[Black "Petrov, Artur"]
[Result "1/2-1/2"]
[WhiteElo "2169"]
[BlackElo "2253"]
[Annotator ""]
[Source ""]
[Remark ""]

1.e4 e6 2.Nc3 d5 3.g3 Nf6 4.Bg2 d4 5.Nce2 c5 6.d3 Nc6 7.Nf3 Be7
8.O-O O-O 9.h3 Qc7 10.Bf4 e5 11.Bd2 c4 12.Ne1 b5 13.f4 Nd7 14.f5
Nc5 15.g4 Qd8 16.Ng3 Bg5 17.Nf3 Be3+ 18.Bxe3 dxe3 19.Qe2 cxd3
20.cxd3 Nxd3 21.Rfd1 Nf4 22.Qxe3 Qb6 23.Qxb6 axb6 24.Bf1 Nb4
25.Nxe5 Nc2 26.Rac1 Ne3 27.Rd2 Nxf1 28.Kxf1 Nxh3 29.Rc7 Ng5 30.Kf2
Re8 31.Nf3 Nxf3 32.Kxf3 Rxa2 33.Nh5 Ra8 34.Nf4 Rb8 35.Nd5 Kf8
36.Rd4 Bb7 37.Nc3 Re7 38.Nxb5 Rxc7 39.Nxc7 Rc8 40.Nb5 Ke7 41.Nc3
Rb8 42.Kf4 f6 43.g5 Bc6 44.gxf6+ gxf6 45.Rd2 h5 46.Rh2 Rh8 47.Ne2
h4 48.Nd4 Bb7 49.Rh3 Kd6 50.Ne6 Ba6 51.Rh2 h3 52.Rd2+ Ke7 53.Rh2
Bb7 54.Kf3 Kd6 55.Nf4 Re8 56.Rd2+ Kc5 57.Ne6+ Kc4 58.Rh2 Rh8
59.Nf4 Kd4 60.Rd2+ Kc4 61.Rh2 1/2-1/2

[Event "Moscow Open 2009 B"]
[Site "www.moscowchessopen.ru"]
[Date "2009.02.03"]
[Round "4.14"]
[White "Sargissyan, Sargis"]
[Black "Gevorgyan, David"]
[Result "0-1"]
[WhiteElo "2119"]
[BlackElo "2252"]
[Annotator ""]
[Source ""]
[Remark ""]

1.e4 g6 2.d4 Bg7 3.Nc3 d6 4.Nf3 Nc6 5.h3 Nf6 6.Bg5 h6 7.Be3 O-O
8.Qd2 Kh7 9.O-O-O a6 10.g4 Nd7 11.Bd3 e5 12.dxe5 dxe5 13.Bc4
Rb8 14.Nd5 b5 15.Bb3 Nd4 16.Nxd4 exd4 17.Bf4 Rb7 18.g5 hxg5 19.Bxg5
f6 20.Bf4 c5 21.c4 Ne5 22.Qc2 Qd6 23.Kb1 Be6 24.Bh2 f5 25.Bxe5
Qxe5 26.f3 d3 0-1

[Event "Moscow Open 2009 B"]
[Site "www.moscowchessopen.ru"]
[Date "2009.02.03"]
[Round "4.15"]
[White "Stets, Vasilij"]
[Black "Elfert, Aleksandr V"]
[Result "1-0"]
[WhiteElo "2239"]
[BlackElo "2007"]
[Annotator ""]
[Source ""]
[Remark ""]

1.e4 e5 2.f4 exf4 3.Nf3 g5 4.h4 g4 5.Ne5 h5 6.Bc4 d5 7.Bxd5 Nh6
8.d4 c6 9.Bb3 Qf6 10.Qd2 Bd6 11.Qxf4 Qe7 12.O-O Nd7 13.Bxf7+
Kd8 14.Bb3 Kc7 15.Ng6 Qg7 16.Qxd6+ Kxd6 17.Bf4+ Ne5 18.Bxe5+
Qxe5 19.dxe5+ Kc5 20.Nxh8 a5 21.Rf8 b5 22.e6 Kd6 23.Ng6 a4 24.e7
axb3 25.e8Q 1-0

[Event "Moscow Open 2009 B"]
[Site "www.moscowchessopen.ru"]
[Date "2009.02.03"]
[Round "4.16"]
[White "Krivenko, Sergey"]
[Black "Melkonian, Vardan"]
[Result "1-0"]
[WhiteElo "2111"]
[BlackElo "2238"]
[Annotator ""]
[Source ""]
[Remark ""]

1.d4 d5 2.c4 e6 3.Nf3 c6 4.Qc2 f5 5.Bf4 Nf6 6.e3 Be7 7.h3 O-O
8.Bd3 Ne4 9.Nc3 a6 10.Ke2 b5 11.c5 Nd7 12.Rag1 a5 13.g4 Ba6 14.a4
b4 15.Bxa6 Rxa6 16.Na2 Ra7 17.Nc1 fxg4 18.hxg4 g6 19.Rg2 Rf7
20.Nd3 Bf6 21.g5 Bh8 22.Rhg1 Qf8 23.Rc1 Ra8 24.Nh2 Bxd4 25.exd4
Rxf4 26.Nxf4 Qxf4 27.Rcg1 e5 28.f3 Nxg5 29.Rxg5 Qxh2+ 30.R1g2
Qh3 31.Rxg6+ Kh8 32.R6g4 e4 33.fxe4 Nf6 34.Qd3 Qh6 35.Qe3 Nxg4
36.Rxg4 Qe6 37.Qg5 Rg8 38.Qxg8+ Qxg8 39.Rxg8+ 1-0

[Event "Moscow Open 2009 B"]
[Site "www.moscowchessopen.ru"]
[Date "2009.02.03"]
[Round "4.17"]
[White "Polonskiy, Pavel"]
[Black "Loginov, Anton"]
[Result "1-0"]
[WhiteElo "2111"]
[BlackElo "2232"]
[Annotator ""]
[Source ""]
[Remark ""]

1.d4 Nf6 2.Nf3 d5 3.c4 e6 4.Bg5 Bb4+ 5.Nbd2 h6 6.Bxf6 Qxf6 7.e3
O-O 8.a3 Bxd2+ 9.Qxd2 Rd8 10.Qc3 c5 11.cxd5 cxd4 12.Qxd4 Qxd4
13.Nxd4 Rxd5 14.Rc1 Nd7 15.Be2 Nb6 16.O-O e5 17.Nb3 Na4 18.Rc7
Nxb2 19.Nc5 Rd2 20.Bf3 Bf5 21.g4 Bg6 22.Bxb7 Rad8 23.Be4 Bxe4
24.Nxe4 R2d7 25.Rfc1 Na4 26.Kg2 Nb6 27.Rxd7 Rxd7 28.Rc5 Rd5 29.Kf3
Kf8 30.Rc7 Rd7 31.Rc6 Rd3 32.Nc3 Ke8 33.Nb5 Rb3 34.Rc5 Nd7 35.Nd6+
Ke7 36.Nf5+ Kd8 37.Ra5 g6 38.Nxh6 f6 39.Rxa7 Ke7 40.h4 1-0

[Event "Moscow Open 2009 B"]
[Site "www.moscowchessopen.ru"]
[Date "2009.02.03"]
[Round "4.18"]
[White "Martynenko, Alexey"]
[Black "Grishin, Alexander"]
[Result "0-1"]
[WhiteElo "1968"]
[BlackElo "2231"]
[Annotator ""]
[Source ""]
[Remark ""]

1.e4 c6 2.d4 d5 3.Nc3 dxe4 4.Nxe4 Nd7 5.Nf3 Ngf6 6.Ng3 g6 7.Bd3
Bg7 8.c3 O-O 9.Be3 Qc7 10.Qd2 c5 11.O-O b6 12.Bf4 Qc6 13.Rfe1
Re8 14.Ne5 Nxe5 15.dxe5 Bb7 16.f3 Nd5 17.Be4 c4 18.Rad1 Rad8
19.Ne2 Qc7 20.Bxd5 Rxd5 21.Qxd5 Bxd5 22.Rxd5 Rd8 23.Rxd8+ Qxd8
24.Nd4 Qd5 25.Bg3 f6 26.f4 h6 27.h4 g5 28.hxg5 hxg5 29.fxg5 fxe5
30.Nf5 Qd3 31.Nxe7+ Kf7 32.Bxe5 Bxe5 33.Rxe5 Qd1+ 34.Kf2 Qd2+
35.Re2 Qxg5 36.g3 Qc5+ 37.Kg2 Kf6 38.Ng8+ Kg5 39.Ne7 Qd6 40.a3
Qd3 41.Kf2 Kg4 42.Re3 Qh7 43.Re2 Qh2+ 44.Kf1 Qh1+ 45.Kf2 Qf3+
46.Ke1 Qxg3+ 47.Kd2 Qd3+ 48.Ke1 Kg3 49.Re5 Qb1+ 50.Kd2 Qxb2+
51.Kd1 Qb1+ 0-1

[Event "Moscow Open 2009 B"]
[Site "www.moscowchessopen.ru"]
[Date "2009.02.03"]
[Round "4.20"]
[White "Reshetnikov, Evgeny"]
[Black "Shamugia, Shavleg"]
[Result "1/2-1/2"]
[WhiteElo "2299"]
[BlackElo "2215"]
[Annotator ""]
[Source ""]
[Remark ""]

1.d4 Nf6 2.c4 g6 3.Nc3 Bg7 4.e4 d6 5.Be2 O-O 6.Nf3 e5 7.O-O Nbd7
8.Re1 c6 9.Bf1 h6 10.Rb1 Ne8 11.b3 Kh7 12.Bb2 Qe7 13.Qd2 Rg8
14.Ba3 Qf6 15.Ne2 g5 16.dxe5 dxe5 17.Red1 Nf8 18.Bb2 Ng6 19.Ng3
Bf8 20.Bc3 Bd6 21.Qb2 Bc7 22.Rd2 Ng7 1/2-1/2

[Event "Moscow Open 2009 B"]
[Site "www.moscowchessopen.ru"]
[Date "2009.02.03"]
[Round "4.21"]
[White "Dibrov, Ilya"]
[Black "Likhoman, Mikhail"]
[Result "0-1"]
[WhiteElo "2298"]
[BlackElo "2217"]
[Annotator ""]
[Source ""]
[Remark ""]

1.e4 c5 2.Nf3 e6 3.c3 Nf6 4.e5 Nd5 5.d4 cxd4 6.cxd4 Nc6 7.Nc3
Nxc3 8.bxc3 d6 9.exd6 Qxd6 10.Bd3 Be7 11.O-O b6 12.Nd2 Bb7 13.Qg4
O-O-O 14.Nc4 Qd5 15.Rb1 h5 16.Qh3 g5 17.Rb5 g4 18.Qg3 Qxb5 19.Ne5
Qa5 20.Nxf7 Rhf8 21.Bc4 Qf5 22.Re1 Rd5 23.Bxd5 Qxd5 0-1

[Event "Moscow Open 2009 B"]
[Site "www.moscowchessopen.ru"]
[Date "2009.02.03"]
[Round "4.22"]
[White "Kachar, Vladimir"]
[Black "Bujakevich, Aleksandr"]
[Result "1-0"]
[WhiteElo "2295"]
[BlackElo "2213"]
[Annotator ""]
[Source ""]
[Remark ""]

1.Nf3 c5 2.c4 Nc6 3.d4 cxd4 4.Nxd4 Nf6 5.Nc3 e6 6.a3 Be7 7.g3
a6 8.Bg2 Qc7 9.b3 d6 10.Bb2 O-O 11.O-O Bd7 12.Rc1 Rac8 13.e3
Qa5 14.h3 b5 15.Nxc6 Bxc6 16.Bxc6 Rxc6 17.cxb5 axb5 18.Nd5 1-0

[Event "Moscow Open 2009 B"]
[Site "www.moscowchessopen.ru"]
[Date "2009.02.03"]
[Round "4.23"]
[White "Yakimov, S Y"]
[Black "Konenkin, Dmitry"]
[Result "1/2-1/2"]
[WhiteElo "2212"]
[BlackElo "2289"]
[Annotator ""]
[Source ""]
[Remark ""]

1.d4 d6 2.Nf3 f5 3.Nc3 Nf6 4.Bg5 Ne4 5.Nxe4 fxe4 6.Nd2 Bf5 7.e3
Nd7 8.c3 c6 9.Qc2 h6 10.Bh4 g5 11.Bg3 Nf6 12.f3 d5 13.Be5 Bh7
14.fxe4 dxe4 15.Bxf6 exf6 16.Nxe4 Qe7 17.Bd3 f5 18.Ng3 Qxe3+
19.Kd1 O-O-O 20.Re1 Qf4 21.Bxf5+ Bxf5 22.Qxf5+ Kc7 23.Kc2 Bd6
24.Qxf4 gxf4 25.Ne4 Rhg8 26.Re2 Rg6 27.Rf1 Rdg8 28.Rff2 R8g7
29.Kd3 Rf7 30.g3 Rg4 31.Rf3 Rf8 32.Nxd6 Kxd6 33.Re1 Rf5 34.b4
Rh5 35.Re2 Rh3 36.Rg2 h5 37.Kc4 b5+ 38.Kb3 fxg3 39.Rfxg3 Rgxg3
40.hxg3 Ke6 41.g4 h4 42.g5 Rg3 43.Re2+ Kf7 44.Rf2+ Kg6 45.Rf6+
Kxg5 46.Rxc6 h3 47.Rc8 Rg4 48.Rg8+ Kh4 49.Rh8+ Kg3 50.d5 h2 51.d6
Rg6 52.d7 Rd6 53.Rg8+ Kf2 1/2-1/2

[Event "Moscow Open 2009 B"]
[Site "www.moscowchessopen.ru"]
[Date "2009.02.03"]
[Round "4.24"]
[White "Nikologorsky, Matfei"]
[Black "Kuznesov, Andrei"]
[Result "1-0"]
[WhiteElo "2196"]
[BlackElo "2286"]
[Annotator ""]
[Source ""]
[Remark ""]

1.c4 f5 2.Nc3 Nf6 3.g3 e6 4.Bg2 Be7 5.d4 O-O 6.Nf3 d5 7.Bf4 c6
8.c5 b6 9.b4 Ne4 10.Nxe4 dxe4 11.Ne5 g5 12.Bc1 a5 13.h4 gxh4
14.Bh6 axb4 15.Bxf8 Bxf8 16.cxb6 hxg3 17.e3 gxf2+ 18.Kxf2 Qg5
19.Bxe4 Bg7 20.Rh5 Qe7 21.Bf3 Bd7 22.Qh1 Bxe5 23.dxe5 Na6 24.Qg2+
Kh8 25.Rah1 Rg8 26.Rxh7+ Qxh7 27.Rxh7+ Kxh7 28.Qh1+ Kg7 29.Bxc6
Nc5 30.Bxd7 Ne4+ 31.Kf3 Ng5+ 32.Ke2 1-0

[Event "Moscow Open 2009 B"]
[Site "www.moscowchessopen.ru"]
[Date "2009.02.03"]
[Round "4.25"]
[White "Betaneli, Alexander"]
[Black "Demidov, Alexandr"]
[Result "1-0"]
[WhiteElo "2284"]
[BlackElo "2209"]
[Annotator ""]
[Source ""]
[Remark ""]

1.e4 e5 2.Nf3 Nc6 3.Bb5 a6 4.Ba4 b5 5.Bb3 Na5 6.O-O d6 7.d4 exd4
8.Nxd4 Ne7 9.Qf3 Nxb3 10.axb3 Bb7 11.Nc3 Ng6 12.Qh5 Be7 13.Nd5
O-O 14.b4 c6 15.Nxe7+ Qxe7 16.Nf5 Qe5 17.Ra3 Rfe8 18.Rh3 Nf8
19.Bd2 f6 20.Bc3 g6 21.Qh6 1-0

[Event "Moscow Open 2009 B"]
[Site "www.moscowchessopen.ru"]
[Date "2009.02.03"]
[Round "4.26"]
[White "Karlson, Vladilen"]
[Black "Chapurin, A"]
[Result "1-0"]
[WhiteElo "2190"]
[BlackElo "2280"]
[Annotator ""]
[Source ""]
[Remark ""]

1.e4 e6 2.d4 d5 3.Nc3 Bb4 4.e5 c5 5.Bd2 Ne7 6.Nb5 Bxd2+ 7.Qxd2
O-O 8.c3 Nbc6 9.Nf3 b6 10.Nd6 f6 11.Nxc8 Rxc8 12.Ba6 Rc7 13.O-O
Ng6 14.Bd3 Qe8 15.Rfe1 cxd4 16.cxd4 fxe5 17.Nxe5 Ncxe5 18.dxe5
Nf4 19.Rac1 Rxc1 20.Rxc1 Qh5 21.Bf1 Qg5 22.Kh1 Qxe5 23.Re1 Qf5
24.Qe3 Ng6 25.f3 Re8 26.Qa3 Qf7 27.Qd6 Qe7 28.Qc6 Nf8 29.Rc1
Rd8 30.a3 Qd7 31.Qc2 Qd6 32.b4 Qf4 33.Bb5 d4 34.Rd1 Qe5 35.Bd3
Rd7 36.Rc1 a5 37.g3 Qe3 38.Kg2 Rf7 39.Rf1 Qe5 40.Rc1 axb4 41.axb4
Qd6 42.b5 Ra7 43.Qe2 Rc7 44.Rxc7 Qxc7 45.Qe4 Qc3 46.f4 g6 47.h4
Qc5 48.Qc6 Kf7 49.Qxc5 bxc5 50.b6 Nd7 51.b7 Ke7 52.Bb5 Nb8 53.Kf3
Kd6 54.Ke4 Kc7 55.Bc4 Kxb7 56.Bxe6 Nc6 57.g4 Ne7 58.Bc4 Kc7 59.Ke5
Nc6+ 60.Kd5 Kb6 61.Kd6 Nb4 62.f5 gxf5 63.gxf5 d3 64.f6 d2 65.Be2
Nd3 66.f7 Nf4 67.Bd1 1-0

[Event "Moscow Open 2009 B"]
[Site "www.moscowchessopen.ru"]
[Date "2009.02.03"]
[Round "4.27"]
[White "Grigoriev, Semyon"]
[Black "Pavlov, Aleksandr"]
[Result "0-1"]
[WhiteElo "2161"]
[BlackElo "2274"]
[Annotator ""]
[Source ""]
[Remark ""]

1.d4 Nf6 2.c4 e6 3.Nf3 b6 4.g3 Ba6 5.b3 Bb7 6.Bg2 Bb4+ 7.Bd2
a5 8.O-O O-O 9.Bg5 Re8 10.c5 a4 11.a3 axb3 12.Qxb3 Ba5 13.Nc3
h6 14.Bxf6 Qxf6 15.e4 Bxc3 16.e5 Qe7 17.Qxc3 bxc5 18.dxc5 Bd5
19.Nd4 c6 20.Bxd5 cxd5 21.Nb5 Rc8 22.Nd6 Rc6 23.Rab1 Na6 24.Rb5
f6 25.f4 Rf8 26.h4 Qd8 27.Rc1 Nc7 28.Rb6 Qa8 29.Rcb1 fxe5 30.fxe5
d4 31.Qxd4 Qxa3 32.Ne4 Nd5 33.R6b3 Qa6 34.Ra1 Qe2 35.Rb2 Qg4
36.Rf1 Rxf1+ 37.Kxf1 Rc8 38.Rf2 Rb8 39.Qd3 Qh5 40.Qf3 Qxe5 41.Qf7+
Kh8 42.Qg6 Ne7 43.Qg4 Nf5 44.Qf4 Qa1+ 45.Kg2 Rb4 46.Qf3 Rb1 47.Kh2
Re1 48.h5 Re3 49.Qf4 Qe1 50.Qb8+ Kh7 51.Qe8 Rxg3 0-1

[Event "Moscow Open 2009 B"]
[Site "www.moscowchessopen.ru"]
[Date "2009.02.03"]
[Round "4.28"]
[White "Erzhanov, Arman"]
[Black "Zimin, Alexey"]
[Result "1-0"]
[WhiteElo "2273"]
[BlackElo "2193"]
[Annotator ""]
[Source ""]
[Remark ""]

1.e4 c5 2.Nf3 e6 3.d4 cxd4 4.Nxd4 Nf6 5.Nc3 Nc6 6.Ndb5 Bb4 7.Bf4
Nxe4 8.Qf3 d5 9.O-O-O Qa5 10.Bc7 b6 11.Nxe4 dxe4 12.Qxe4 Bb7
13.a3 Be7 14.Bf4 Rd8 15.Bd2 Rxd2 16.Rxd2 O-O 17.Rd7 Ba8 18.Bd3
g6 19.Qe1 Bg5+ 20.Kb1 Bd2 21.Qe2 Bh6 22.h4 a6 23.h5 axb5 24.hxg6
Qd2 25.gxf7+ Kg7 26.Qe4 Rh8 27.f8Q+ Kxf8 28.Qxe6 1-0

[Event "Moscow Open 2009 B"]
[Site "www.moscowchessopen.ru"]
[Date "2009.02.03"]
[Round "4.29"]
[White "Vardanian, Haik G"]
[Black "Murzin, Lenar"]
[Result "1-0"]
[WhiteElo "2269"]
[BlackElo "2175"]
[Annotator ""]
[Source ""]
[Remark ""]

1.e4 c5 2.Nf3 e6 3.d4 cxd4 4.Nxd4 Nc6 5.Nc3 Qc7 6.f4 a6 7.Nxc6
Qxc6 8.Bd3 b5 9.Qe2 Bb7 10.Bd2 Bc5 11.O-O-O Ne7 12.Qh5 Rc8 13.Kb1
b4 14.Ne2 O-O 15.f5 exf5 16.exf5 Qxg2 17.f6 Ng6 18.fxg7 Rfe8
19.Nf4 Re5 20.Qxe5 Qxh1 21.Qh5 Qf3 22.Rf1 Qxh5 23.Nxh5 Be7 24.c3
a5 25.cxb4 axb4 26.Be3 Ne5 27.Bc2 Bd5 28.b3 Rc6 29.Ng3 Bf6 30.Nf5
Ng6 31.Bd2 Bc3 32.Bh6 Re6 33.Bg5 Re2 34.h4 f6 35.Bc1 Bg2 36.Rd1
Ne5 37.Bh6 Nf7 38.Rxd7 Re1+ 39.Bc1 Bh3 40.h5 Bxf5 41.Bxf5 Kxg7
42.Kc2 Kf8 43.Bxh7 Ne5 44.Rd1 Re2+ 45.Kb1 Rh2 46.h6 Nf7 47.a4
Nxh6 48.a5 Ng4 49.a6 Rxh7 50.Rd8+ 1-0